[Event "AUTO-OPEN-4102"]
[Site "http://www.queenalice.com/game.php?id=1586506"]
[Date "2019.10.11"]
[Round "1"]
[White "Danado"]
[Black "RedBaronIII"]
[Result "1-0"]
[WhiteElo "1641"]
[BlackElo "2152"]

1. e4 c6 2. d4 d5 3. exd5 cxd5 4. h3 Nf6 5. Nc3 Bf5 6. Bf4 Nc6 7. Nb5 Rc8 8. c3
a6 9. Na3 e6 10. Bd3 Be7 11. Bxf5 exf5 12. Nf3 O-O 13. Ne5 1-0

[Event "AUTO-OPEN-4102"]
[Site "http://www.queenalice.com/game.php?id=1586507"]
[Date "2019.10.11"]
[Round "1"]
[White "RedBaronIII"]
[Black "Palmeiras"]
[Result "0-1"]
[WhiteElo "2106"]
[BlackElo "2226"]

1. c4 Nf6 2. Nc3 e5 3. g3 Bb4 4. Bg2 O-O 5. Nf3 d6 6. O-O Bxc3 7. dxc3 Nc6 8. b4
a6 9. Bg5 h6 10. Bxf6 Qxf6 0-1

[Event "AUTO-MASTER-2997"]
[Site "http://www.queenalice.com/game.php?id=1629000"]
[Date "2020.10.5"]
[Round "1"]
[White "Rexy"]
[Black "RedBaronIII"]
[Result "1-0"]
[WhiteElo "2161"]
[BlackElo "2127"]

1. e4 e6 2. d4 d5 3. Nc3 Nf6 4. e5 Nfd7 5. f4 c5 6. Nf3 Nc6 7. Be3 cxd4 8. Nxd4
a6 9. Qd2 Be7 10. O-O-O O-O 11. Kb1 Nxd4 12. Bxd4 b5 13. Qe3 b4 14. Na4 Rb8 15.
Bd3 a5 16. Rhf1 g6 17. h4 Bxh4 18. Rh1 Be7 19. g4 f5 20. Qh3 Rf7 21. gxf5 gxf5
22. Bxf5 Rxf5 23. Qxh7+ 1-0

[Event "AUTO-MASTER-2997"]
[Site "http://www.queenalice.com/game.php?id=1629001"]
[Date "2020.10.5"]
[Round "1"]
[White "RedBaronIII"]
[Black "Rexy"]
[Result "0-1"]
[WhiteElo "2128"]
[BlackElo "2172"]

1. e4 c5 2. Nc3 d6 3. d3 Nf6 4. h3 Nc6 5. Nf3 g6 6. Be2 Bg7 7. O-O O-O 8. Bd2 b6
9. Rc1 Bb7 10. Re1 Qd7 11. Bg5 h6 12. Be3 Rad8 13. Qd2 Kh7 14. a3 e5 15. a4 Rfe8
16. Ra1 d5 17. exd5 Nxd5 18. Nxd5 Qxd5 19. Ra3 f5 20. Qd1 Nd4 21. Bxd4 cxd4 22.
Bf1 e4 23. dxe4 fxe4 24. Nh2 Bf8 25. Qg4 Bxa3 26. bxa3 h5 27. Qd1 Qc5 28. Bb5
Rf8 0-1

[Event "AUTO-MASTER-2997"]
[Site "http://www.queenalice.com/game.php?id=1629016"]
[Date "2020.10.5"]
[Round "1"]
[White "RedBaronIII"]
[Black "clovis"]
[Result "1-0"]
[WhiteElo "2110"]
[BlackElo "1857"]

1. d4 d5 2. Nf3 Nf6 3. Bf4 Bf5 4. e3 e6 5. a3 Bd6 6. Bxd6 Qxd6 7. Bd3 O-O 8.
Bxf5 exf5 9. Nc3 f4 10. O-O fxe3 11. fxe3 Nbd7 12. Qd2 Rfe8 13. Rae1 Ne4 14.
Nxe4 Rxe4 15. Qf2 Rae8 16. Ng5 R4e7 17. Qh4 h6 18. Nf3 1-0

[Event "AUTO-MASTER-2997"]
[Site "http://www.queenalice.com/game.php?id=1629017"]
[Date "2020.10.5"]
[Round "1"]
[White "clovis"]
[Black "RedBaronIII"]
[Result "0-1"]
[WhiteElo "1886"]
[BlackElo "2105"]

1. e4 e6 2. d4 d5 3. exd5 exd5 4. Nf3 Be7 5. Bd3 Nf6 6. O-O O-O 7. Ne5 Nbd7 8.
Bg5 Nxe5 9. dxe5 Ng4 10. Bxe7 Qxe7 11. Re1 Qh4 12. h3 Nxf2 13. Qe2 Nxd3 14. cxd3
Be6 15. Nc3 c6 16. Qe3 d4 0-1

[Event "AUTO-MASTER-2997"]
[Site "http://www.queenalice.com/game.php?id=1629018"]
[Date "2020.10.5"]
[Round "1"]
[White "RedBaronIII"]
[Black "rockaudrey"]
[Result "1-0"]
[WhiteElo "2114"]
[BlackElo "2143"]

1. d4 d5 2. c4 e6 3. Nf3 Be7 4. e3 Nf6 5. Nc3 O-O 6. Bd3 Nc6 7. a3 a6 8. O-O Bd7
9. cxd5 exd5 10. Qc2 Na5 11. e4 dxe4 12. Nxe4 h6 13. Bd2 c6 14. b4 Rc8 15. bxa5
c5 16. dxc5 Nxe4 17. Bxe4 Rxc5 18. Qd3 Qc8 19. Rfc1 Bf6 20. Qe3 Bxa1 21. Qxc5
Qxc5 22. Rxc5 Bb5 23. Bxb7 Rd8 24. Rc8 Rxc8 25. Bxc8 Bb2 26. Bb4 Kh7 27. Bb7 f6
28. Nd2 Bc1 29. Nb3 Bb2 30. Nc5 Kg6 31. Bxa6 Bc6 32. Bd3+ Kf7 33. a6 Ke8 34. Be4
Bxe4 35. Nxe4 Bd4 36. Bc5 Be5 37. a7 Kf7 38. a8=Q Kg6 39. Nd6 h5 40. Qe4+ Kh6
41. Nf7# 1-0

[Event "AUTO-MASTER-2997"]
[Site "http://www.queenalice.com/game.php?id=1629019"]
[Date "2020.10.5"]
[Round "1"]
[White "rockaudrey"]
[Black "RedBaronIII"]
[Result "0-1"]
[WhiteElo "2115"]
[BlackElo "2116"]

1. e4 e6 2. d4 d5 3. Nd2 Nf6 4. e5 Nfd7 5. Ngf3 c5 6. c3 Nc6 7. Be2 cxd4 8. cxd4
Be7 9. O-O O-O 10. Nb3 f6 11. Bf4 fxe5 12. Bxe5 Ndxe5 13. Nxe5 Nxe5 14. dxe5 Bd7
15. Rc1 Qb6 16. Qd3 Rf5 17. Qg3 Raf8 18. Bf3 a5 19. Rfd1 a4 20. Nd4 Rf4 21. Ne2
Bh4 22. Qxf4 Bxf2+ 23. Kh1 Rxf4 24. Nxf4 Qe3 25. Nh5 Qxe5 26. Rf1 Bb6 27. Bg4
Bc7 28. Ng3 Qd6 29. Rf3 g6 30. Re1 e5 31. Bxd7 Qxd7 32. Ref1 e4 33. Rf8+ Kg7 34.
Ne2 Be5 35. b3 axb3 36. axb3 d4 37. Kg1 d3 38. Ng3 Bxg3 39. hxg3 e3 40. R8f3 e2
41. Rf7+ Qxf7 42. Rxf7+ Kxf7 43. Kf2 Ke6 44. Ke1 h5 45. Kd2 Kd5 46. b4 g5 47. b5
Kc5 48. g4 h4 49. Kxd3 e1=Q 0-1

[Event "AUTO-OPEN-4278"]
[Site "http://www.queenalice.com/game.php?id=1758540"]
[Date "2021.5.4"]
[Round "1"]
[White "jandamian"]
[Black "RedBaronIII"]
[Result "1-0"]
[WhiteElo "2794"]
[BlackElo "1981"]

1. e4 e6 2. d4 d5 3. Nc3 Bb4 4. e5 Ne7 5. a3 Bxc3+ 6. bxc3 O-O 7. Bd3 c5 8. Qh5
g6 9. Qh6 c4 10. Nf3 f6 11. exf6 Nf5 12. Bxf5 Qxf6 13. Bh3 Nc6 14. O-O Qg7 15.
Qh4 Rxf3 16. gxf3 1-0

[Event "AUTO-OPEN-4278"]
[Site "http://www.queenalice.com/game.php?id=1758541"]
[Date "2021.5.4"]
[Round "1"]
[White "RedBaronIII"]
[Black "jandamian"]
[Result "0-1"]
[WhiteElo "1989"]
[BlackElo "2801"]

1. Nf3 d5 2. c4 d4 3. e3 c5 4. exd4 cxd4 5. g3 Nc6 6. Bg2 e5 7. d3 Bd6 8. O-O
Nf6 9. Bg5 h6 10. Bxf6 Qxf6 11. Nbd2 Bc7 12. Re1 O-O 13. Ne4 Qe7 14. Rc1 f5 15.
Ned2 Qf6 16. a3 a5 17. b3 Be6 18. Qe2 Bf7 19. h3 Rae8 20. Kh2 Bh5 21. Qf1 Qd6
22. c5 Qd8 0-1

[Event "AUTO-OPEN-4278"]
[Site "http://www.queenalice.com/game.php?id=1758566"]
[Date "2021.5.4"]
[Round "1"]
[White "Canaye"]
[Black "RedBaronIII"]
[Result "1-0"]
[WhiteElo "1824"]
[BlackElo "2074"]

1. d4 Nf6 2. c4 g6 3. Nc3 d5 4. cxd5 Nxd5 5. e4 Nxc3 6. bxc3 Bg7 7. Bd3 O-O 8.
Ne2 e6 9. O-O c5 10. Be3 cxd4 11. cxd4 Nc6 12. e5 b6 13. Rc1 1-0

[Event "AUTO-OPEN-4278"]
[Site "http://www.queenalice.com/game.php?id=1758567"]
[Date "2021.5.4"]
[Round "1"]
[White "RedBaronIII"]
[Black "Canaye"]
[Result "0-1"]
[WhiteElo "2019"]
[BlackElo "1850"]

1. d4 e6 2. Nf3 d5 3. c4 c5 4. cxd5 exd5 5. dxc5 Bxc5 6. e3 Nc6 7. Be2 Nge7 8.
O-O O-O 9. Nc3 d4 10. exd4 Nxd4 11. Nxd4 Bxd4 12. Bg5 f6 0-1

[Event "AUTO-OPEN-4278"]
[Site "http://www.queenalice.com/game.php?id=1758582"]
[Date "2021.5.4"]
[Round "1"]
[White "DAlessandro"]
[Black "RedBaronIII"]
[Result "0-1"]
[WhiteElo "1829"]
[BlackElo "1979"]

1. c4 c5 2. Nc3 Nf6 3. d3 g6 4. Nf3 Bg7 5. e3 Nc6 6. Be2 O-O 7. O-O e6 8. a3 b6
9. Bd2 Bb7 10. Na4 d5 11. cxd5 exd5 12. Qb3 Na5 13. Bxa5 d4 14. Bd2 Re8 15. Rfe1
dxe3 16. Bxe3 Ng4 17. Ng5 Bd5 18. Qd1 Nxe3 19. fxe3 Qxg5 20. Bf3 Bxf3 21. Qxf3
Rad8 22. Rad1 Re7 23. Nc3 Red7 24. e4 c4 25. dxc4 Qc5+ 26. Qf2 Rxd1 27. Rxd1
Rxd1+ 28. Nxd1 Bd4 0-1

[Event "AUTO-OPEN-4278"]
[Site "http://www.queenalice.com/game.php?id=1758583"]
[Date "2021.5.4"]
[Round "1"]
[White "RedBaronIII"]
[Black "DAlessandro"]
[Result "1-0"]
[WhiteElo "1971"]
[BlackElo "1505"]

1. e4 c5 2. Nf3 Nc6 3. g3 d6 4. Bg2 Nf6 5. O-O e6 6. c3 Be7 7. d4 cxd4 8. cxd4
d5 9. e5 Ne4 10. Nc3 Qb6 11. a3 Nxc3 12. bxc3 Qd8 13. Be3 O-O 14. Qc2 Na5 15.
Rfb1 Nc4 16. Bc1 b6 17. Nd2 Nxd2 18. Bxd2 Bd7 19. a4 Qc7 20. c4 Rac8 21. a5 bxa5
22. Bxa5 Qc6 23. c5 Be8 24. Bd2 Ra8 25. Bf1 Bd7 26. Bb5 Qc7 27. Bxd7 Qxd7 28.
Ba5 Qc6 29. Ra2 Bd8 30. Bd2 h6 31. Rba1 a6 32. Qa4 Qxa4 33. Rxa4 a5 34. Bxa5
Bxa5 35. Rxa5 Rxa5 36. Rxa5 f6 37. exf6 gxf6 38. Ra6 Kf7 39. g4 Rg8 40. Ra7+ Kg6
41. h4 f5 42. Rd7 Kf6 43. g5+ hxg5 44. h5 g4 45. h6 Rh8 46. h7 1-0

[Event "AUTO-MASTER-3044"]
[Site "http://www.queenalice.com/game.php?id=1758618"]
[Date "2021.5.4"]
[Round "1"]
[White "Donyelko"]
[Black "RedBaronIII"]
[Result "1-0"]
[WhiteElo "2015"]
[BlackElo "1996"]

1. e4 e6 2. d4 d5 3. exd5 exd5 4. Nf3 Bd6 5. Be2 h6 6. Nc3 c6 7. O-O Nf6 8. Re1
O-O 9. Bd3 Bg4 10. h3 Bxf3 11. Qxf3 Nbd7 12. a3 Qb6 13. g4 Rfe8 14. Rxe8+ Rxe8
15. Qd1 Qxd4 16. Bh7+ 1-0

[Event "AUTO-MASTER-3044"]
[Site "http://www.queenalice.com/game.php?id=1758619"]
[Date "2021.5.4"]
[Round "1"]
[White "RedBaronIII"]
[Black "Donyelko"]
[Result "0-1"]
[WhiteElo "1987"]
[BlackElo "1997"]

1. Nf3 c5 2. g3 d5 3. Bg2 Nc6 4. O-O Nf6 5. d4 cxd4 6. Nxd4 e6 7. c4 Bc5 8. Nxc6
bxc6 9. cxd5 cxd5 10. Nc3 Qb6 11. Na4 Qc7 12. Nxc5 Qxc5 13. Be3 Qb5 14. Bd4 O-O
15. Re1 Ba6 16. e4 Nxe4 17. Bxe4 dxe4 18. Qg4 f6 19. Qxe4 e5 20. Bc3 Bb7 21. Qe2
Qc6 22. f3 Qxf3 23. Qxf3 Bxf3 24. Kf2 e4 25. Re3 f5 26. Rc1 Rfc8 27. Ree1 a5 28.
a3 g5 29. Bd2 h6 30. Rc3 Rd8 31. Be3 Rab8 32. b3 Kg7 33. Rec1 Rd7 34. b4 axb4
0-1

[Event "AUTO-MASTER-3044"]
[Site "http://www.queenalice.com/game.php?id=1758624"]
[Date "2021.5.4"]
[Round "1"]
[White "maurice91"]
[Black "RedBaronIII"]
[Result "1-0"]
[WhiteElo "1916"]
[BlackElo "2097"]

1. d4 Nf6 2. Nf3 d5 3. Bf4 Bf5 4. Nbd2 e6 5. e3 Be7 6. c4 c6 7. Rc1 O-O 8. cxd5
cxd5 9. Be2 Nc6 10. O-O a6 11. Re1 Rc8 12. Ne5 1-0

[Event "AUTO-MASTER-3044"]
[Site "http://www.queenalice.com/game.php?id=1758625"]
[Date "2021.5.4"]
[Round "1"]
[White "RedBaronIII"]
[Black "maurice91"]
[Result "0-1"]
[WhiteElo "2117"]
[BlackElo "1891"]

1. d4 c6 2. e4 d5 3. e5 Bf5 4. Nf3 e6 5. Be2 c5 6. O-O cxd4 7. Nxd4 Ne7 8. Bg5
Qb6 9. Nxf5 Nxf5 10. Nc3 Be7 0-1